Alfonsina Storni
Zapisane w:
| 1. autor: | |
|---|---|
| Format: | Książka |
| Język: | hiszpański |
| Wydane: |
Buenos Aires
La Mandragora
1958
|
| Seria: | Clásicos argentinos del siglo XX
|
| Hasła przedmiotowe: | |
| Etykiety: |
Dodaj etykietę
Nie ma etykietki, Dołącz pierwszą etykiete!
|
MARC
| LEADER | 00000nam a2200000 a 4500 | ||
|---|---|---|---|
| 001 | UCY3800 | ||
| 003 | CL-VaPUC | ||
| 008 | 950118e19580000AG |||||||||||||||||spa|d | ||
| 082 | 0 | 4 | |a Ar861.09 |b ETC |2 21 |
| 100 | 0 | |a Etchenique, Nira |e author |9 332199 | |
| 245 | 1 | 0 | |a Alfonsina Storni |
| 300 | |a 143 p | ||
| 942 | |c BK | ||
| 945 | |d 19950118 00:00:00 |a oaravena | ||
| 260 | |a Buenos Aires |b La Mandragora |c 1958 | ||
| 600 | 0 | 7 | |a STORNI, ALFONSINA |2 CL-VaPUC |9 320263 |
| 650 | 0 | |a Crítica e interpretación |9 255042 | |
| 583 | |a last modification |c 19950118 00:00:00 |k Rodrigo Vera | ||
| 490 | 0 | |a Clásicos argentinos del siglo XX | |
| 999 | |c 231849 |d 231847 | ||
| 952 | |0 0 |1 0 |4 0 |6 AR_861_090000000000000_ETC_1958 |7 0 |8 A |9 235607 |a BIBEDU |b BIBEDU |d 2019-11-15 |i 305330K |o Ar861.09 ETC 1958 |p 305330K |r 2019-11-15 |w 2019-11-15 |y BK |k LIT | ||